| 000 | 00637nam a2200241 a 4500 | ||
|---|---|---|---|
| 003 | AR-BaBNM | ||
| 005 | 20251128202804.0 | ||
| 008 | 082120s2002 ||||||||||||||000 | spa|| | ||
| 040 | _cAR-BaBNM | ||
| 100 | 1 | _aChaca, Dionisio | |
| 245 | 0 | 0 | _aBreve historia de Mendoza |
| 260 |
_aBuenos Aires _bPrimera Edición _c1961 |
||
| 300 | _a445 p. | ||
| 650 | 4 | _aHISTORIA MENDOCINA | |
| 650 | 4 | _aHISTORIA PROVINCIAL ARGENTINA | |
| 650 | 4 | _aHISTORIA DE LAS COSTUMBRES | |
| 650 | 4 | _aHISTORIA POLITICA | |
| 650 | 4 | _aHISTORIA ECONOMICA | |
| 650 | 4 | _aPERIODO INDEPENDIENTE | |
| 650 | 4 | _aPERIODO HISPANICO | |
| 942 | _cBK | ||
| 998 | _cmariana | ||
| 999 |
_c581 _d581 |
||